000
00330nam a2200121Ia 4500
008
220216s9999 xx 000 0 und d
100
_a
Mathew Koshy
245
0
_a
Action plan for improving our small rubber holders yield
260
_b
Rubber Board Bulletin
_c
1988
300
_a
17-21
650
_a
Rubber smallholder
942
_c
JS
999
_c
53766
_d
53766